Statistics for 20 Most Common Surnames In The UK

Click here to take the quiz!

General Stats

  • This quiz has been taken 123 times
  • The average score is 10 of 20

Answer Stats

Hint Answer % Correct
1Smith
98%
2Jones
84%
4Brown
71%
7Johnson
71%
5Williams
62%
14White
60%
3Taylor
57%
16Green
49%
15Roberts
48%
11Thompson
47%
19Jackson
46%
6Wilson
46%
8Davies
45%
12Evans
33%
9Robinson
32%
10Wright
28%
17Hall
28%
13Walker
22%
18Wood
21%
20Clarke
18%

Score Distribution

Percentile by Number Answered

Percent of People with Each Score

Your Score History

You have not taken this quiz